| 000 | 00000nam##2200000za#4500 |
| 001 | 9.570355 |
| 003 | CaOODSP |
| 005 | 20210624182212 |
| 007 | cr ||||||||||| |
| 008 | 150406|2006||||xxc|||||o f|0| 0 eng|d |
| 040 | |aCaOODSP|beng |
| 043 | |an-cn--- |
| 086 | 1 |aIu182-1/2006-3E-PDF |
| 110 | 1 |aCanada. |bIndustry Canada. |bMicro-Economic Policy Analysis Branch. |
| 245 | 14|aThe impact of foreign ownership on aggregate R&D intensity : |h[electronic resource]|ba critical review of the empirical evidence / |c[by] Donald McFetridge. |
| 260 | |aOttawa - Ontario : |bIndustry Canada. |
| 300 | |a40p.|breferences, tables |
| 490 | 1 |aWorking paper series|v2006-03 |
| 546 | |a(Resumé en français.) |
| 590 | |a12-09-Supp|b2012-03-21 |
| 720 | 1 |aMcFetridge, Donald |
| 830 | #0|aWorking paper series ;|v2006-03|w(CaOODSP)9.504818 |
| 856 | 40|ahttp://publications.gc.ca|qPDF|s401 KB|uhttps://publications.gc.ca/collections/collection_2011/ic/Iu182-1-2006-3-eng.pdf|y2006-03 |
| 986 | |aIC 60029 |